Random Portuguese Words #1 - Statistics

General Stats
  • This quiz has been taken 205 times
  • The average score is 13 of 15
Answer Stats
Hint Answer % Correct
Night Noite
98%
Day Dia
97%
Bread Pão
96%
Green Verde
95%
Person Pessoa
94%
Yellow Amarelo
92%
City Cidade
92%
Turtle Tartaruga
92%
Rat Ratazana
86%
Hat Chapéu
84%
Bridge Ponte
82%
Word Palavra
75%
Dog Cão
74%
Knife Faca
70%
Wrinkle Ruga
62%
No matching quizzes found
Score Distribution
Percent of People with Each Score
Percentile by Number Answered
Your Score History
You have not taken this quiz